| 000 -LEADER |
| fixed length control field |
00333nam a2200145Ia 4500 |
| 003 - CONTROL NUMBER IDENTIFIER |
| control field |
OSt |
| 005 - DATE AND TIME OF LATEST TRANSACTION |
| control field |
20260413122924.0 |
| 008 - FIXED-LENGTH DATA ELEMENTS--GENERAL INFORMATION |
| fixed length control field |
260210s9999 xx 000 0 und d |
| 020 ## - INTERNATIONAL STANDARD BOOK NUMBER |
| International Standard Book Number |
97875609460304 |
| 100 ## - MAIN ENTRY--PERSONAL NAME |
| Personal name |
Hustp |
| 245 #0 - TITLE STATEMENT |
| Title |
Chinese Edition Vogue Design Xiang Gang |
| 260 ## - PUBLICATION, DISTRIBUTION, ETC. (IMPRINT) |
| Name of publisher, distributor, etc |
Hustp |
| 300 ## - PHYSICAL DESCRIPTION |
| Extent |
161p:, |
| 942 ## - ADDED ENTRY ELEMENTS (KOHA) |
| Item type |
B.Design |
| Source of classification or shelving scheme |
|